[Event "Sigeman & Co 09th"]
[Site "Malmo"]
[Date "2001.06.16"]
[Round "5"]
[White "Hansen, Curt"]
[Black "Gulko, Boris F"]
[Result "1-0"]
[WhiteElo "2619"]
[BlackElo "2606"]
[PlyCount "101"]
[EventDate "2001.06.12"]
[EventType "tourn"]
[EventRounds "9"]
[EventCountry "SWE"]
[EventCategory "13"]
[SourceTitle "CBM 084"]
[Source "ChessBase"]
[SourceDate "2001.09.13"]
[SourceVersion "1"]
[SourceVersionDate "2001.09.13"]
[SourceQuality "1"]

1. Nf3 c5 2. c4 Nc6 3. e3 e6 4. Nc3 Nf6 5. d4 d5 6. cxd5 exd5 7. dxc5 Bxc5 8. Bb5 O-O 9. O-O Bd7 10. b3 Bg4 11. Bb2 Rc8 12. Rc1 Bd6 ({RR} 12... a6 13. Be2 Ba7 14. h3 Bh5 15. Nh4 Bg6 16. Nxg6 hxg6 17. Bf3 d4 18. exd4 Bxd4 19. Na4 Bxb2 20. Nxb2 Nd4 21. Rxc8 Nxf3+ 22. Qxf3 Qxc8 23. Nc4 b5 24. Ne3 Qc3 25. Qe2 Re8 26. Rd1 Qe5 27. Qc2 {Topalov,V (2793)-Karjakin,S (2767) Stavanger 2013 0-1 (64)}) ({RR} 12... a6 13. Be2 Ba7 14. h3 Bh5 15. Nh4 Bg6 16. Nxg6 hxg6 17. Bf3 d4 18. exd4 Bxd4 19. Na4 Bxb2 20. Nxb2 Nd4 21. Rxc8 Nxf3+ 22. Qxf3 Qxc8 23. Nc4 b5 24. Ne3 Qc3 25. Qe2 Re8 26. Rd1 Qe5 27. Qc2 {Topalov,V (2793)-Karjakin,S (2767) Stavanger 2013 0-1 (64)}) 13. h3 ({RR} 13. Be2 a6 14. Nd4 Bxe2 15. Ncxe2 Re8 16. Nf3 Ne4 17. Ng3 Bf8 18. Qd3 Nb4 19. Qb1 Rxc1 20. Rxc1 Qd7 21. Rd1 Qe6 22. a3 Nc6 23. b4 Bd6 24. Qd3 Bxg3 25. hxg3 h6 26. b5 axb5 27. Qxb5 Rd8 {Xu,Y (2530)-Yang,Z (2372) Xinghua 2025 0-1 (59)}) ({RR} 13. Be2 a6 14. Nd4 Bxe2 15. Ncxe2 Re8 16. Nf3 Ne4 17. Ng3 Bf8 18. Qd3 Nb4 19. Qb1 Rxc1 20. Rxc1 Qd7 21. Rd1 Qe6 22. a3 Nc6 23. b4 Bd6 24. Qd3 Bxg3 25. hxg3 h6 26. b5 axb5 27. Qxb5 Rd8 {Xu,Y (2530)-Yang,Z (2372) Xinghua 2025 0-1 (59)}) 13... Be6 $146 ({RR} 13... Bh5 14. Be2 Bb8 15. Nh4 Bxe2 16. Nxe2 Re8 17. Nf5 Qd7 18. Neg3 Be5 19. Ba3 g6 20. f4 Bc7 21. Bb2 Bd8 22. Nh6+ Kg7 23. Ng4 d4 24. Ne5 Qd5 25. Bxd4 Bb6 26. Nxc6 bxc6 27. Rc4 Bxd4 28. Rxd4 {Voiska,M (2366)-Farago,I (2467) Bolzano 2000 1-0 (64)}) ({RR} 13... Bh5 14. Be2 Bb8 15. Nb5 Ne4 16. Nd2 Bg6 17. Nxe4 Bxe4 18. Bf3 Qg5 19. Bxe4 dxe4 20. Qg4 Qxg4 21. hxg4 Nb4 22. Ba3 Nd3 23. Bxf8 Rxc1 24. Bd6 a6 25. Rxc1 Nxc1 26. Bxb8 axb5 27. a4 Nxb3 28. axb5 {Fanninger,L (2186)-Arizmendi Martinez,J (2520) Escaldes AND 2024 0-1 (39)}) ({RR} 13... Bh5 14. Be2 Bb8 15. Nh4 Bxe2 16. Nxe2 Re8 17. Nf5 Qd7 18. Neg3 Be5 19. Ba3 g6 20. f4 Bc7 21. Bb2 Bd8 22. Nh6+ Kg7 23. Ng4 d4 24. Ne5 Qd5 25. Bxd4 Bb6 26. Nxc6 bxc6 27. Rc4 Bxd4 28. Rxd4 {Voiska,M (2366)-Farago,I (2467) Bolzano 2000 1-0 (64)}) ({RR} 13... Bh5 14. Be2 Bb8 15. Nb5 Ne4 16. Nd2 Bg6 17. Nxe4 Bxe4 18. Bf3 Qg5 19. Bxe4 dxe4 20. Qg4 Qxg4 21. hxg4 Nb4 22. Ba3 Nd3 23. Bxf8 Rxc1 24. Bd6 a6 25. Rxc1 Nxc1 26. Bxb8 axb5 27. a4 Nxb3 28. axb5 {Fanninger,L (2186)-Arizmendi Martinez,J (2520) Escaldes AND 2024 0-1 (39)}) 14. Ne2 a6 15. Bxc6 bxc6 16. Qd3 Ne4 17. Nc3 Bf5 18. Rfd1 Nxc3 19. Qxc3 f6 20. Nd4 Bd7 21. Qd3 Qe8 22. Nf5 Qe6 23. Nxd6 Qxd6 24. Rc4 Rfd8 25. Ra4 c5 26. Rxa6 Bc6 27. Rc1 Ra8 28. Ba3 d4 29. Qc4+ Qd5 30. Rxc6 Qxc4 31. Rxc4 d3 32. Bc1 Rxa2 33. R6xc5 d2 34. Bxd2 Rdxd2 35. Rc8+ Kf7 36. R8c7+ Ke6 37. Re4+ Kd6 38. Rxg7 Rxf2 39. Rf4 Rxf4 40. exf4 h5 41. Rb7 Kd5 42. Rb5+ Ke4 43. Rxh5 f5 44. Rh8 Rb2 45. Rb8 Kxf4 46. Kh2 Ke3 47. h4 f4 48. Kh3 f3 49. Re8+ Kd4 50. gxf3 Rxb3 51. Kg4 1-0

[Event "Sarajevo Bosnia 39th"]
[Site "Sarajevo"]
[Date "2009.05.14"]
[Round "6"]
[White "Movsesian, Sergei"]
[Black "Sokolov, Ivan"]
[Result "1/2-1/2"]
[WhiteElo "2747"]
[BlackElo "2669"]
[PlyCount "57"]
[EventDate "2009.05.07"]
[EventType "tourn"]
[EventRounds "10"]
[EventCountry "BIH"]
[EventCategory "18"]
[SourceTitle "CBM 130"]
[Source "ChessBase"]
[SourceDate "2009.05.20"]
[SourceVersion "1"]
[SourceVersionDate "2009.05.20"]
[SourceQuality "1"]

1. c4 e6 2. g3 d5 3. Bg2 Nf6 4. Nf3 c5 5. O-O Nc6 6. cxd5 exd5 7. d4 Be7 8. Nc3 O-O 9. Bg5 cxd4 10. Nxd4 h6 11. Be3 Bg4 12. Qa4 Na5 13. Rad1 Nc4 14. Bc1 Nb6 15. Qb5 Rc8 16. h3 ({RR} 16. Qd3 Qd7 17. b3 Bb4 18. Bb2 Rfe8 19. f3 Bh3 20. a3 Bc5 21. e4 Re5 22. Rfe1 Bxg2 23. Kxg2 Rce8 24. Nc2 R5e7 25. b4 Bd6 26. Nxd5 Nfxd5 27. exd5 Rxe1 28. Nxe1 Be5 29. Bc1 Rd8 30. Qe4 Nxd5 {Duran,E (2131)-Koljevic,N (1917) Antalya 2019 ½-½ (44)}) ({RR} 16. Qd3 Qd7 17. b3 Bb4 18. Bb2 Rfe8 19. f3 Bh3 20. a3 Bc5 21. e4 Re5 22. Rfe1 Bxg2 23. Kxg2 Rce8 24. Nc2 R5e7 25. b4 Bd6 26. Nxd5 Nfxd5 27. exd5 Rxe1 28. Nxe1 Be5 29. Bc1 Rd8 30. Qe4 Nxd5 {Duran,E (2131)-Koljevic,N (1917) Antalya 2019 ½-½ (44)}) 16... Bd7 17. Qb3 $146 ({RR} 17. Qd3 Re8 18. b3 Bb4 19. Bb2 Qe7 20. e3 Qe5 21. Nce2 Ne4 22. Ba1 Qe7 23. a4 Nc5 24. Qb1 Ne4 25. Nc2 Bf5 26. Qb2 Bc3 27. Nxc3 Nxc3 28. Rd2 f6 29. Nd4 Be4 30. Rc1 Ncxa4 31. bxa4 Nxa4 {Kasimdzhanov,R (2672)-Berelowitsch,A (2568) Germany 2006 ½-½ (47)}) ({RR} 17. Qd3 Re8 18. b3 Bb4 19. Bb2 Ne4 20. Rc1 Qg5 21. Nf3 Qg6 22. Nxd5 Nxd5 23. Rxc8 Bxc8 24. Qxd5 Nc3 25. Bxc3 Bxc3 26. Rc1 Bb2 27. Rc7 Be6 28. Qd2 Qb1+ 29. Kh2 a6 30. e3 b6 31. Rc6 a5 {Istratescu,A (2609)-Feygin,M (2485) Belgium 2016 1-0 (54)}) ({RR} 17. Qd3 Re8 18. b3 Bb4 19. Bb2 Qe7 20. e3 Qe5 21. Nce2 Ne4 22. Ba1 Qe7 23. a4 Nc5 24. Qb1 Ne4 25. Nc2 Bf5 26. Qb2 Bc3 27. Nxc3 Nxc3 28. Rd2 f6 29. Nd4 Be4 30. Rc1 Ncxa4 31. bxa4 Nxa4 {Kasimdzhanov,R (2672)-Berelowitsch,A (2568) Germany 2006 ½-½ (47)}) ({RR} 17. Qd3 Re8 18. b3 Bb4 19. Bb2 Ne4 20. Rc1 Qg5 21. Nf3 Qg6 22. Nxd5 Nxd5 23. Rxc8 Bxc8 24. Qxd5 Nc3 25. Bxc3 Bxc3 26. Rc1 Bb2 27. Rc7 Be6 28. Qd2 Qb1+ 29. Kh2 a6 30. e3 b6 31. Rc6 a5 {Istratescu,A (2609)-Feygin,M (2485) Belgium 2016 1-0 (54)}) 17... Rc4 18. Nc2 Qc8 19. Ne3 Rc5 20. Nexd5 Nfxd5 21. Nxd5 Nxd5 22. Bxd5 Bxh3 23. Bxb7 Qc7 24. Bf4 Qa5 25. Qe3 Bg5 26. Bxg5 Rxg5 27. Bg2 Bxg2 28. Kxg2 Qxa2 29. b4 1/2-1/2

[Event "Sarajevo Bosnia 39th"]
[Site "Sarajevo"]
[Date "2009.05.16"]
[Round "8"]
[White "Harikrishna, Pentala"]
[Black "Sokolov, Ivan"]
[Result "1-0"]
[WhiteElo "2686"]
[BlackElo "2669"]
[PlyCount "101"]
[EventDate "2009.05.07"]
[EventType "tourn"]
[EventRounds "10"]
[EventCountry "BIH"]
[EventCategory "18"]
[SourceTitle "CBM 130"]
[Source "ChessBase"]
[SourceDate "2009.05.20"]
[SourceVersion "1"]
[SourceVersionDate "2009.05.20"]
[SourceQuality "1"]

1. d4 d5 2. c4 e6 3. Nf3 c5 4. cxd5 exd5 5. Nc3 Nc6 6. Bf4 Nf6 7. e3 c4 8. Be2 Bb4 9. Nd2 ({RR} 9. Ne5 Ne4 10. Nxc6 bxc6 11. Qa4 Qb6 12. Rc1 Qb5 13. Qxb5 cxb5 14. Bf3 Bb7 15. a4 bxa4 16. Bxe4 dxe4 17. O-O Bxc3 18. Rxc3 Ba6 19. f3 f5 20. fxe4 fxe4 21. Be5 Rf8 22. Rf4 Rxf4 23. exf4 Kf7 {Georgiev,V (2585)-Petrosian,T (2600) Chicago 2009 ½-½ (43)}) ({RR} 9. O-O Bf5 10. Nb5 O-O 11. a3 Be7 12. Nc3 a6 13. Ne5 Ne4 14. Nxe4 Bxe4 15. Nxc6 bxc6 16. b3 cxb3 17. Qxb3 Bd6 18. Bxd6 Qxd6 19. Rac1 Rfb8 20. Qa4 Rb6 21. Rc5 h5 22. Rfc1 Rab8 23. f3 Bg6 {Dubnevych,M (2293)-Delorme,A (2487) chess.com INT 2024 ½-½ (50)}) ({RR} 9. Ne5 Ne4 10. Nxc6 bxc6 11. Qa4 Qb6 12. Rc1 Qb5 13. Qxb5 cxb5 14. Bf3 Bb7 15. a4 bxa4 16. Bxe4 dxe4 17. O-O Bxc3 18. Rxc3 Ba6 19. f3 f5 20. fxe4 fxe4 21. Be5 Rf8 22. Rf4 Rxf4 23. exf4 Kf7 {Georgiev,V (2585)-Petrosian,T (2600) Chicago 2009 ½-½ (43)}) ({RR} 9. O-O Bf5 10. Nb5 O-O 11. a3 Be7 12. Nc3 a6 13. Ne5 Ne4 14. Nxe4 Bxe4 15. Nxc6 bxc6 16. b3 cxb3 17. Qxb3 Bd6 18. Bxd6 Qxd6 19. Rac1 Rfb8 20. Qa4 Rb6 21. Rc5 h5 22. Rfc1 Rab8 23. f3 Bg6 {Dubnevych,M (2293)-Delorme,A (2487) chess.com INT 2024 ½-½ (50)}) 9... Qa5 10. Qc2 $146 ({RR} 10. Qc1 O-O 11. O-O Re8 12. a3 Bf8 13. b3 cxb3 14. Nxb3 Qd8 15. Nb5 Re7 16. Qb2 Ne8 17. Rfc1 f6 18. Qa2 Be6 19. Nc5 Bf7 20. Bf3 g5 21. Bg3 h5 22. h3 f5 23. Rab1 Na5 24. Nc3 Nf6 {Ghaem Maghami,E-Mallahi,A (2300) Iran 1997 ½-½ (58)}) ({RR} 10. Qc1 Bf5 11. O-O O-O 12. Bg3 Rfe8 13. Nf3 Bxc3 14. Qxc3 Qxc3 15. bxc3 Ne4 16. Rfc1 Nxg3 17. hxg3 h6 18. Kf1 b5 19. Nd2 Rab8 20. Bf3 Bd3+ 21. Ke1 Ne7 22. a4 b4 23. cxb4 Rxb4 24. Nb1 Nf5 {Kaser,S (1788)-Busson,B (1970) Vitrolles 2012 ½-½ (41)}) ({RR} 10. Qc1 O-O 11. O-O Re8 12. a3 Bf8 13. b3 cxb3 14. Nxb3 Qd8 15. Nb5 Re7 16. Qb2 Ne8 17. Rfc1 f6 18. Qa2 Be6 19. Nc5 Bf7 20. Bf3 g5 21. Bg3 h5 22. h3 f5 23. Rab1 Na5 24. Nc3 Nf6 {Ghaem Maghami,E-Mallahi,A (2300) Iran 1997 ½-½ (58)}) ({RR} 10. Qc1 Bf5 11. O-O O-O 12. Bg3 Rfe8 13. Nf3 Bxc3 14. Qxc3 Qxc3 15. bxc3 Ne4 16. Rfc1 Nxg3 17. hxg3 h6 18. Kf1 b5 19. Nd2 Rab8 20. Bf3 Bd3+ 21. Ke1 Ne7 22. a4 b4 23. cxb4 Rxb4 24. Nb1 Nf5 {Kaser,S (1788)-Busson,B (1970) Vitrolles 2012 ½-½ (41)}) 10... O-O 11. O-O g6 12. Bg5 Bf5 13. Qc1 Be7 14. a3 Rfc8 15. Bf3 Be6 16. b3 cxb3 17. Nxb3 Qd8 18. Qb2 b6 19. Rfc1 Ne8 20. Bf4 Bg5 21. Ne2 Nd6 22. Nd2 Na5 23. Bxg5 Qxg5 24. Nf4 Nac4 25. Nxc4 Nxc4 26. Qe2 Rc7 27. h4 Qd8 28. e4 Qd6 29. e5 Qd7 30. a4 Rac8 31. Rcb1 a6 32. g3 Rb8 33. Kg2 h6 34. Rb4 b5 35. axb5 a5 36. b6 Rcc8 37. Rbb1 Rb7 38. Qd1 Rc6 39. Rb5 Rcxb6 40. Rxd5 Bxd5 41. Nxd5 Rc6 42. Ne7+ Qxe7 43. Bxc6 Rb2 44. Qd3 Qe6 45. Bf3 Kg7 46. Qc3 Rb8 47. Re1 Rc8 48. d5 Qe7 49. d6 Qe6 50. Qd4 Na3 51. Bd5 1-0

[Event "Montreal 10th"]
[Site "Montreal"]
[Date "2009.09.03"]
[Round "7"]
[White "Onischuk, Alexander"]
[Black "Akobian, Varuzhan"]
[Result "1/2-1/2"]
[WhiteElo "2699"]
[BlackElo "2626"]
[PlyCount "107"]
[EventDate "2009.08.27"]
[EventType "tourn"]
[EventRounds "11"]
[EventCountry "CAN"]
[EventCategory "15"]
[SourceTitle "CBM 132"]
[Source "ChessBase"]
[SourceDate "2009.09.16"]
[SourceVersion "1"]
[SourceVersionDate "2009.09.16"]
[SourceQuality "1"]

1. d4 d5 2. c4 e6 3. Nc3 c5 4. cxd5 exd5 5. Nf3 Nc6 6. g3 Nf6 7. Bg2 Be7 8. O-O O-O 9. dxc5 Bxc5 10. Bg5 d4 11. Bxf6 Qxf6 12. Ne4 Qe7 13. Nxc5 Qxc5 14. Qb3 Re8 15. Rfe1 Re7 16. Rac1 Qa5 17. a3 Bg4 $146 ({RR} 17... Be6 18. Qd3 Bf5 19. Qd2 Qb6 20. b4 h6 21. Rc5 Be4 22. Nxd4 Bxg2 23. Nf5 Rd8 24. Nxe7+ Nxe7 25. Qe3 Nd5 26. Qe5 f6 27. Qd4 Ne7 28. Qe3 Nd5 29. Qb3 Be4 30. Rd1 Kh7 31. Rcxd5 Rxd5 32. Rxd5 {Oparin,G (2667)-Vakhlamov,I (2413) chess.com INT 2023 0-1 (63)}) ({RR} 17... Be6 18. Qd3 Bf5 19. Qd2 Qb6 20. b4 h6 21. Rc5 Be4 22. Nxd4 Bxg2 23. Nf5 Rd8 24. Nxe7+ Nxe7 25. Qe3 Nd5 26. Qe5 f6 27. Qd4 Ne7 28. Qe3 Nd5 29. Qb3 Be4 30. Rd1 Kh7 31. Rcxd5 Rxd5 32. Rxd5 {Oparin,G (2667)-Vakhlamov,I (2413) chess.com INT 2023 0-1 (63)}) ({RR} 17... Be6 18. Qd3 Bf5 19. Qd2 Qb6 20. b4 h6 21. Rc5 Be4 22. Nxd4 Bxg2 23. Nf5 Rd8 24. Nxe7+ Nxe7 25. Qe3 Nd5 26. Qe5 f6 27. Qd4 Ne7 28. Qe3 Nd5 29. Qb3 Be4 30. Rd1 Kh7 31. Rcxd5 Rxd5 32. Rxd5 {Oparin,G (2667)-Vakhlamov,I (2413) chess.com INT 2023 0-1 (63)}) ({RR} 17... Be6 18. Qd3 Bf5 19. Qd2 Qb6 20. b4 h6 21. Rc5 Be4 22. Nxd4 Bxg2 23. Nf5 Rd8 24. Nxe7+ Nxe7 25. Qe3 Nd5 26. Qe5 f6 27. Qd4 Ne7 28. Qe3 Nd5 29. Qb3 Be4 30. Rd1 Kh7 31. Rcxd5 Rxd5 32. Rxd5 {Oparin,G (2667)-Vakhlamov,I (2413) chess.com INT 2023 0-1 (63)}) 18. h3 Bh5 19. g4 Bg6 20. Nh4 Rd8 21. Red1 Qg5 22. Nxg6 hxg6 23. Qd3 Ne5 24. Qg3 Qf6 25. g5 Qf5 26. Rd2 d3 27. Rcd1 Red7 28. exd3 Rxd3 29. Rxd3 Rxd3 30. Rxd3 Nxd3 31. Qb8+ Kh7 32. Qxa7 Qxg5 33. Qxb7 Nf4 34. Kh2 Nxg2 35. Qxg2 Qe5+ 36. Qg3 Qxb2 37. Kg2 Qb5 38. Qh4+ Kg8 39. a4 Qd5+ 40. Kh2 Qe5+ 41. Kg1 f5 42. Qb4 f4 43. Kg2 Kh7 44. Qb7 Qg5+ 45. Kh2 Qe5 46. Qb5 Qd4 47. Kg1 f3 48. a5 Qd1+ 49. Qf1 Qd5 50. a6 Qg5+ 51. Kh1 Qh4 52. Qg1 Qa4 53. Qg3 Qxa6 54. Qxf3 1/2-1/2

[Event "Carlos Torre Wimbledon 21th"]
[Site "Merida"]
[Date "2008.12.20"]
[Round "4.3"]
[White "Onischuk, Alexander"]
[Black "Akobian, Varuzhan"]
[Result "1/2-1/2"]
[WhiteElo "2644"]
[BlackElo "2606"]
[PlyCount "85"]
[EventDate "2008.12.17"]
[EventType "k.o."]
[EventRounds "5"]
[EventCountry "MEX"]
[SourceTitle "CBM 127 Extra"]
[Source "ChessBase"]
[SourceDate "2009.01.08"]
[SourceVersion "2"]
[SourceVersionDate "2009.01.28"]
[SourceQuality "1"]

1. c4 e6 2. Nc3 d5 3. d4 c5 4. cxd5 exd5 5. Nf3 Nc6 6. g3 c4 7. Bg2 Bb4 8. O-O Nge7 9. a3 Bxc3 10. bxc3 O-O 11. Nd2 ({RR} 11. Re1 h6 12. Ne5 Be6 13. e4 Nxe5 14. dxe5 Qa5 15. exd5 Bxd5 16. Qc2 Bxg2 17. Kxg2 Qd5+ 18. Qe4 Rfd8 19. h4 Rac8 20. Bf4 b5 21. Kh2 Qxe4 22. Rxe4 Nd5 23. Bd2 a6 24. a4 Nb6 25. Be3 Nxa4 {Gostev,S (2262)-Akobian,V (2564) chess.com INT 2025 0-1 (48)}) ({RR} 11. Re1 h6 12. Ne5 Be6 13. e4 Nxe5 14. dxe5 Qa5 15. exd5 Bxd5 16. Qc2 Bxg2 17. Kxg2 Qd5+ 18. Qe4 Rfd8 19. h4 Rac8 20. Bf4 b5 21. Kh2 Qxe4 22. Rxe4 Nd5 23. Bd2 a6 24. a4 Nb6 25. Be3 Nxa4 {Gostev,S (2262)-Akobian,V (2564) chess.com INT 2025 0-1 (48)}) 11... Be6 12. Re1 $146 ({RR} 12. a4 Qa5 13. Bb2 Rad8 14. e4 dxe4 15. Nxe4 b6 16. Ba3 Rd7 17. Rb1 Rfd8 18. Rb5 Qa6 19. Qc2 h6 20. Re1 Qc8 21. Rh5 Rd5 22. Rxd5 Nxd5 23. Nd6 Qc7 24. Nxc4 Ndb4 25. Bxb4 Nxb4 26. cxb4 Qxc4 {Guliev,S (2470)-Graf,A (2605) Agios Nikolaos 1995 ½-½ (44)}) ({RR} 12. f3 Qd7 13. Re1 b5 14. e4 f5 15. Bb2 Rae8 16. exd5 Bxd5 17. a4 b4 18. Bf1 bxc3 19. Bxc3 f4 20. g4 Ng6 21. Bxc4 Rxe1+ 22. Qxe1 Bxc4 23. Nxc4 Nxd4 24. Qe4 Nh4 25. Ne5 Ndxf3+ {0-1 (25) Cruz Lima,J (2290)-Vera Gonzalez Quevedo,R (2505) Las Tunas 1996}) ({RR} 12. a4 Qa5 13. Bb2 Rad8 14. e4 dxe4 15. Nxe4 b6 16. Ba3 Rd7 17. Rb1 Rfd8 18. Rb5 Qa6 19. Qc2 h6 20. Re1 Qc8 21. Rh5 Rd5 22. Rxd5 Nxd5 23. Nd6 Qc7 24. Nxc4 Ndb4 25. Bxb4 Nxb4 26. cxb4 Qxc4 {Guliev,S (2470)-Graf,A (2605) Agios Nikolaos 1995 ½-½ (44)}) ({RR} 12. f3 Qd7 13. Re1 b5 14. e4 f5 15. Bb2 Rae8 16. exd5 Bxd5 17. a4 b4 18. Bf1 bxc3 19. Bxc3 f4 20. g4 Ng6 21. Bxc4 Rxe1+ 22. Qxe1 Bxc4 23. Nxc4 Nxd4 24. Qe4 Nh4 25. Ne5 Ndxf3+ {0-1 (25) Cruz Lima,J (2290)-Vera Gonzalez Quevedo,R (2505) Las Tunas 1996}) 12... b5 13. Rb1 Rb8 14. e4 a5 15. Nf1 dxe4 16. Bxe4 Nd5 17. Qc2 h6 18. Ne3 Nce7 19. Bg2 Qd7 20. Nxd5 Nxd5 21. Re5 Rfc8 22. Bd2 b4 23. axb4 axb4 24. Bxd5 Bxd5 25. Rxb4 Rxb4 26. cxb4 f6 27. Qf5 Qxf5 28. Rxf5 Rd8 29. h4 Kf7 30. h5 Ke6 31. Rf4 Ra8 32. Kf1 Ra3 33. Ke2 c3 34. Be3 c2 35. Bc1 Rb3 36. Kd2 Rxb4 37. Kxc2 Ra4 38. Be3 Ra1 39. Rg4 Kf7 40. Rh4 Rh1 41. Rxh1 Bxh1 42. Kd3 Bf3 43. Bd2 1/2-1/2

[Event "Carlos Torre Wimbledon 21th"]
[Site "Merida"]
[Date "2008.12.20"]
[Round "4.5"]
[White "Onischuk, Alexander"]
[Black "Akobian, Varuzhan"]
[Result "1-0"]
[WhiteElo "2644"]
[BlackElo "2606"]
[PlyCount "101"]
[EventDate "2008.12.17"]
[EventType "k.o."]
[EventRounds "5"]
[EventCountry "MEX"]
[SourceTitle "CBM 127 Extra"]
[Source "ChessBase"]
[SourceDate "2009.01.08"]
[SourceVersion "2"]
[SourceVersionDate "2009.01.28"]
[SourceQuality "1"]

1. c4 e6 2. d4 d5 3. Nf3 c5 4. cxd5 exd5 5. g3 Nc6 6. Bg2 Nf6 7. O-O Be7 8. Nc3 O-O 9. Bg5 c4 10. Ne5 Be6 11. f4 Ng4 12. Nxg4 Bxg4 13. Bxd5 Bxg5 14. fxg5 Qxg5 15. Rf4 Rad8 16. Qd2 Bh3 17. e4 Qe7 18. Qf2 ({RR} 18. Rd1 Be6 19. Bxc6 bxc6 20. d5 f5 21. d6 Qf6 22. exf5 Bxf5 23. Rxc4 h5 24. Rf4 Qe6 25. Qd4 Rf6 26. Qxa7 g6 27. Qf2 Rxd6 28. Rf1 Rf8 29. h3 Rfd8 30. g4 hxg4 31. hxg4 Bxg4 32. Ne4 Bf5 {Aczel,G (2498)-Jarlskov,D (2030) Copenhagen DEN 2024 1-0 (38)}) ({RR} 18. Rd1 Be6 19. Bxc6 bxc6 20. d5 f5 21. d6 Qf6 22. exf5 Bxf5 23. Rxc4 h5 24. Rf4 Qe6 25. Qd4 Rf6 26. Qxa7 g6 27. Qf2 Rxd6 28. Rf1 Rf8 29. h3 Rfd8 30. g4 hxg4 31. hxg4 Bxg4 32. Ne4 Bf5 {Aczel,G (2498)-Jarlskov,D (2030) Copenhagen DEN 2024 1-0 (38)}) 18... Be6 19. Rf1 Nb4 20. Bxe6 Qxe6 $146 ({RR} 20... fxe6) ({RR} 20... fxe6) ({RR} 20... fxe6) ({RR} 20... fxe6) 21. d5 Qe7 22. Qxa7 Nd3 23. Rf5 g6 24. Rf6 Nxb2 25. Qd4 Nd3 26. Qxc4 Ne5 27. Qd4 Rd6 28. Rxd6 Qxd6 29. Nb5 Qd7 30. Qxe5 Qxb5 31. Qd4 Rc8 32. d6 Qd7 33. Rd1 h5 34. Kg2 h4 35. Qd3 h3+ 36. Kg1 Qa4 37. d7 Rd8 38. Rd2 Qc6 39. Kf2 Qb6+ 40. Kf3 Qf6+ 41. Ke3 Qg5+ 42. Ke2 Qg4+ 43. Kf2 Qe6 44. Qd5 Qf6+ 45. Ke3 Qb6+ 46. Kf3 Qg1 47. Kg4 Qf1 48. Qd3 Qg1 49. Kxh3 Kg7 50. Qd4+ f6 51. Qxg1 1-0

[Event "Corus-B"]
[Site "Wijk aan Zee"]
[Date "2010.01.19"]
[Round "4"]
[White "L'Ami, Erwin"]
[Black "Akobian, Varuzhan"]
[Result "1-0"]
[WhiteElo "2615"]
[BlackElo "2628"]
[PlyCount "103"]
[EventDate "2010.01.16"]
[EventType "tourn"]
[EventRounds "13"]
[EventCountry "NED"]
[EventCategory "16"]
[SourceTitle "CBM 135"]
[Source "ChessBase"]
[SourceDate "2010.03.17"]
[SourceVersion "1"]
[SourceVersionDate "2010.03.17"]
[SourceQuality "1"]

1. d4 d5 2. c4 e6 3. Nf3 c5 4. cxd5 exd5 5. Nc3 Nc6 6. g3 Nf6 7. Bg2 Be7 8. O-O O-O 9. dxc5 Bxc5 10. Na4 Be7 11. Be3 Bg4 12. Rc1 Rc8 ({RR} 12... Qd7 13. Nd4 Rfe8 14. Nxc6 bxc6 15. Bd4 Rab8 16. Re1 Bb4 17. Bc3 Bd6 18. a3 h5 19. f3 Bf5 20. Qd4 Be5 21. Qf2 Bxc3 22. Rxc3 d4 23. Rc4 Re3 24. Rec1 Rbe8 25. Bf1 h4 26. Rd1 hxg3 27. hxg3 {Kekelidze,M (2436)-Akobian,V (2599) Las Vegas 2010 0-1 (41)}) ({RR} 12... Qd7 13. Nd4 Rfe8 14. Nxc6 bxc6 15. Bd4 Rab8 16. Re1 Bb4 17. Bc3 Bd6 18. a3 h5 19. f3 Bf5 20. Qd4 Be5 21. Qf2 Bxc3 22. Rxc3 d4 23. Rc4 Re3 24. Rec1 Rbe8 25. Bf1 h4 26. Rd1 hxg3 27. hxg3 {Kekelidze,M (2436)-Akobian,V (2599) Las Vegas 2010 0-1 (41)}) 13. h3 ({RR} 13. Nc5 Bxc5 14. Rxc5 Re8 15. h3 Bxf3 16. exf3 d4 17. Bg5 Qb6 18. Rc1 Nd7 19. f4 Nf8 20. f5 Qa5 21. Qg4 h5 22. Qxh5 Qxf5 23. Qg4 Qxg4 24. hxg4 Re2 25. b4 Ne6 26. Bf4 Nxf4 27. gxf4 d3 {Nakamura,H (2788)-Mamedov,R (2651) chess.com INT 2024 ½-½ (70)}) ({RR} 13. Nc5 Bxc5 14. Rxc5 Re8 15. h3 Bxf3 16. exf3 d4 17. Bg5 Qb6 18. Rc1 Nd7 19. f4 Nf8 20. f5 Qa5 21. Qg4 h5 22. Qxh5 Qxf5 23. Qg4 Qxg4 24. hxg4 Re2 25. b4 Ne6 26. Bf4 Nxf4 27. gxf4 d3 {Nakamura,H (2788)-Mamedov,R (2651) chess.com INT 2024 ½-½ (70)}) 13... Bh5 14. Nc5 Bxc5 $146 ({RR} 14... b6 15. Nd3 d4 16. Bd2 Qd7 17. Qa4 Bxf3 18. exf3 Ne5 19. Qa6 Nxd3 20. Qxd3 Qa4 21. a3 Nd7 22. b4 Ne5 23. Qe2 Bf6 24. f4 d3 25. Qe4 Ng6 26. Rxc8 Rxc8 27. Qxd3 Rd8 28. Qe3 Ne7 29. g4 {Dreev,A (2662)-Fish,G (2508) Ohrid 2009 1-0 (35)}) ({RR} 14... b6 15. Nd3 d4 16. Bd2 Qd7 17. Qa4 Bxf3 18. exf3 Ne5 19. Qa6 Nxd3 20. Qxd3 Qa4 21. a3 Nd7 22. b4 Ne5 23. Qe2 Bf6 24. f4 d3 25. Qe4 Ng6 26. Rxc8 Rxc8 27. Qxd3 Rd8 28. Qe3 Ne7 29. g4 {Dreev,A (2662)-Fish,G (2508) Ohrid 2009 1-0 (35)}) 15. Rxc5 b6 16. Rc1 Qd7 17. g4 Bg6 18. Nd4 h5 19. g5 Ne4 20. Nxc6 Rxc6 21. Qa4 Rfc8 22. Rxc6 Rxc6 23. Rd1 Rd6 24. Qxd7 Rxd7 25. h4 f6 26. gxf6 Nxf6 27. f3 Bf5 28. Bd4 Kf7 29. Kf2 Rc7 30. Bc3 Ke6 31. Rd4 Ne8 32. e4 dxe4 33. fxe4 Bg4 34. Rd5 Kf7 35. a3 g6 36. Ke3 Ng7 37. Bf1 Ne6 38. Bb5 Bh3 39. Be5 Rc5 40. b4 Rxd5 41. exd5 Nf8 42. Bb8 a5 43. bxa5 bxa5 44. Bc7 Bd7 45. Bxd7 Nxd7 46. Bxa5 g5 47. hxg5 Kg6 48. Bd8 Kf5 49. a4 h4 50. a5 Nc5 51. Kf3 h3 52. Kg3 1-0